Countries that start with K - Statistics

General Stats
  • This quiz has been taken 46 times
  • The average score is 5 of 6
Answer Stats
Continent Answer % Correct
Africa Kenya
95%
Asia Kazakhstan
93%
Europe Kosovo
86%
Oceania Kiribati
81%
Asia Kyrgyzstan
81%
Asia Kuwait
77%
No matching quizzes found
Score Distribution
Percent of People with Each Score
Percentile by Number Answered
Your Score History
You have not taken this quiz